| 000 | 02111nam a2200457 c 4500 | ||
|---|---|---|---|
| 999 |
_c131657 _d131657 |
||
| 003 | BLK | ||
| 005 | 20240528115037.0 | ||
| 008 | 180409b bul|||||r ||||||| ||bul|| | ||
| 010 | _aKNG00137484000 | ||
| 040 | _aBLK | ||
| 041 |
_aBUL _cBUL |
||
| 072 | 7 |
_2bullib _aК _xКраезнание |
|
| 080 |
_aТрета българска държава (от 1878) _b94(497.2)"1878..." _z94(497.2)"1878..." |
||
| 080 |
_aКраезнание _b908 _x(497.21-22) _z908(497.21-22) |
||
| 080 |
_aПърва българска държава. Българските земи и българската държава през ранния феодализъм (VІ в. - 1018 г. ). _b94(497.2)"681/1018" _z94(497.2)"681/1018" |
||
| 100 | 1 |
_aДимитров, Тодор Димитров _eпърви автор _9322821 |
|
| 139 |
_aДимитров, Тодор Димитров _bД 58 |
||
| 245 | 1 | 0 |
_aВъзроден край _b[Минало и настояще на с. Новград, Русенски окръг] _cТодор Димитров Димитров. |
| 257 | _aBGR | ||
| 260 |
_bНС на ОФ _c1969 _fРусе : Дунав |
||
| 300 |
_a216 с. _bс ил., к. _c25 см |
||
| 380 | _a9 | ||
| 500 | _a2 000 тир. - Юбил. изд. по случай 50-год. на парт. организация и 25-год. на Деветосептемврийската социалист. революция в България. - Библиогр. с. 212-214. | ||
| 650 | 4 |
_aСела - България _9241989 |
|
| 651 | 4 |
_aНовград _9179282 |
|
| 651 | 4 |
_aРусенско _9179464 |
|
| 651 | 4 |
_aБългария _9241624 |
|
| 653 | _aсела | ||
| 653 | _aистория | ||
| 659 | _aК | ||
| 852 | _aЦб 51606 | ||
| 852 | _aК 94(497.2)/Д 59 Т | ||
| 852 | _aК 94(497.2)"1878..."/Д 59 Т | ||
| 856 | 4 | _qpdf | |
| 856 | 4 | _qpdf | |
| 942 |
_cKNG _n0 _02 _s1 |
||
| 944 |
_aCR _c17.12.2012 _lХристина Везирева _k30535 |
||
| 944 |
_aED _c22.01.2014 _l17.12.2012 - от С1,Р / 17.12.2012 |
||
| 999 | _d131657 | ||
| 999 | _d131657 | ||